| 000 | 00384nam a2200157Ia 4500 | ||
|---|---|---|---|
| 008 | 230917s9999||||xx |||||||||||||| ||und|| | ||
| 040 |
_e64533 _aMAIN |
||
| 041 | _aEnglish | ||
| 082 | _a320.509 S13H | ||
| 100 | _aSabine, George H | ||
| 245 | 0 | _aHistory of political theory | |
| 250 | _a3rd ed. | ||
| 260 |
_aCalcutta _bOxford and IBH _c1968 |
||
| 300 | _axii, 948 p. | ||
| 942 | _cBK | ||
| 999 |
_c61984 _d61984 |
||